Guess the country quiz - Statistics

General Stats
  • This quiz has been taken 21 times
  • The average score is 12 of 15
Answer Stats
Question Answer % Correct
Witch country is in North America Canada
100%
Witch country has the Eiffel Tower France
100%
Which country has London UK
100%
Witch country has maple syrup Canada
95%
Witch country touches the Indian Ocean UAE
95%
What is the smallest country Vatican City (holy see)
95%
Where is russia Europe and Asia
84%
Witch country is in between Austria and Switzerland Liechtenstein
84%
Which country has nine letters Singapore
79%
What is the largest country in the americas Canada
74%
Witch country is the most populated country in 2023 India
63%
Which Country is in bricks India
53%
Witch country is in OIC Pakistan
47%
Witch country has Orange,green,blue and white India
42%
Which country is an island country Maldives
42%
No matching quizzes found
Score Distribution
Percent of People with Each Score
Percentile by Number Answered
Your Score History
You have not taken this quiz